000 00644nam a22002057a 4500
005 20240527161022.0
010 _aENG-140512
020 _a9788119403417
_c3995.00
035 _aEN-124044
037 _bDBAD
082 _a340.59
100 _aMulla Dinshaw Fardunji,
_966968
245 _aMulla Hindu Law/
250 _a25
260 _aGurgaon- Haryana
_bLexis Nexix- RELX India Pvt Ltd
_c2024
270 _bGurgaon-Haryana
_a14th Floor, Building No. 10 , Tower B, DLF CyberCity, Phase 2,
_e122002
300 _a1568p.
_c24cm(hb)
700 _966930
_aBy Dinshaw Fardunji Mulla,
942 _2ddc
_cEN
_h340.59
_mMUL
_e25
999 _c203296
_d203296